000 00458nam a22001577a 4500
005 20250328152548.0
008 250328b |||||||| |||| 00| 0 eng d
020 _a9781563382376
050 _aBR65
_b.G53 GRE
245 _aPastoral Practice
_cTranslated and edited by; John Leinenweber
260 _aHarrisburg
_bTrinity Press International
_c1998
300 _axiii. 146p.
_c17 cm
650 _2Theology
700 _aLeinenweber John
942 _2lcc
_cBK
_n0
999 _c5310
_d5310